|
|
|
|
| LEADER |
00000nab a2200000 a 4500 |
| 001 |
vtls010109579 |
| 003 |
SK-MaSNL |
| 005 |
20260304162525.0 |
| 008 |
250507c2010 xo ||||||||||||00 b|slo |
| 015 |
|
|
|a SNBRB2010/06
|2 snkbucl
|
| 035 |
|
|
|a (uuid)1fd19f0d-a1fc-4ae4-bd60-cbbb99e957e1
|
| 035 |
|
|
|a urn:nbn:sk:snk-abeuql
|
| 035 |
|
|
|a (urnnbn)urn:nbn:sk:snk:ar-0072nh
|
| 038 |
|
|
|a SNKBUCL
|
| 040 |
|
|
|a SNKBUCL
|b slo
|c SNKBUCL
|e AACR2
|
| 041 |
0 |
|
|a slo
|
| 044 |
|
|
|a xo
|c SK
|
| 080 |
|
|
|a 351.753:340.132
|x (437.6)
|2 2001
|
| 080 |
|
|
|a 340.132
|x (437.6)
|2 2001
|
| 080 |
|
|
|a 639.1.081.9:340.132
|x (437.6)
|2 2001
|
| 080 |
|
|
|a 623.442.6:340.132
|x (437.6)
|2 2001
|
| 100 |
1 |
|
|a Benčič, Tibor
|4 aut
|9 274317
|
| 245 |
1 |
0 |
|a Zmeny v zákone o zbraniach
|c Tibor Benčič, Pavel Kelemen
|
| 300 |
|
|
|b Fotogr.
|
| 650 |
0 |
7 |
|a strelné zbrane
|2 snkbucl
|9 68540
|
| 650 |
0 |
7 |
|a strelivo
|2 snkbucl
|9 17951
|
| 650 |
0 |
7 |
|a zákony
|2 snkbucl
|9 1156
|
| 651 |
|
7 |
|a Slovensko
|2 snkbucl
|
| 700 |
1 |
|
|a Kelemen, Pavel
|4 ive
|9 1294579
|
| 773 |
0 |
|
|t Poľovníctvo a rybárstvo
|g Roč. 62, č. 6 (2010), s. 36-37
|x 0231-8768
|
| 850 |
|
|
|a Slovenská národná knižnica
|
| 852 |
|
|
|a Slovenská národná knižnica
|
| 958 |
|
|
|a article27
|
| 958 |
|
|
|a OND
|
| 958 |
|
|
|a SK
|
| 999 |
|
|
|c 2974792
|d 2976722
|